I, Carrion (Icarian) - Hozier - Statistics

General Stats
  • This quiz has been taken 195 times
  • The average score is 193 of 239
Answer Stats
Answer % Correct
I
100%
When
97%
1 If
96%
if
96%
the
96%
a
95%
wind
95%
have
93%
It
93%
it
93%
me
93%
so
93%
to
93%
from
91%
you
91%
You
91%
All
90%
all
90%
fall
90%
on
90%
find
89%
ground
89%
in
89%
its
89%
It's
89%
way
89%
world
89%
brutal
88%
do
88%
That
88%
that
88%
we
88%
away
87%
Allow
85%
allow
85%
than
85%
time
85%
sky
84%
weight
84%
feel
83%
much
83%
lighter
82%
turns
82%
hit
80%
squall
80%
your
80%
of
79%
by
78%
falls
78%
I've
78%
not
78%
wings
78%
be
77%
will
77%
am
76%
never
76%
now
76%
And
75%
borderline
75%
love
75%
can
74%
could
74%
crossed
74%
breath
73%
Don't
73%
don't
73%
weightless
73%
height
72%
is
72%
was
72%
out
71%
pray
71%
reached
71%
deep
70%
hold
70%
lifted
70%
only
70%
down
68%
every
68%
float
68%
like
68%
us
68%
word
68%
burn
67%
floating
67%
say
67%
sea
67%
should
67%
burden
66%
feather
66%
just
66%
rarer
66%
as
65%
How
65%
though
65%
at
64%
One
64%
confirm
63%
hands
63%
offered
63%
darling
62%
over
62%
beneath
61%
what
61%
you're
61%
along
60%
carrion
60%
heavy
60%
our
60%
see
60%
up
60%
Let
59%
carrying
58%
my
58%
are
57%
holding
57%
Soaring
57%
While
57%
Lean
55%
Leave
54%
sky-bound
54%
wondered
54%
these
53%
Icarian
52%
need
52%
anything
51%
But
51%
Once
51%
day
48%
own
42%
heights
41%
We'll
39%
bring
38%
No matching quizzes found
Score Distribution
Percent of People with Each Score
Percentile by Number Answered
Your Score History
You have not taken this quiz